Statystyki dla Kreskówki Cartoon Network

Kliknij tutaj aby rozwiązać quiz!

Ogólne statystyki

  • Ten quiz został rozwiązany 57 razy
  • Średni wynik to 33 z 96

Statystyki odpowiedzi

Odpowiedź% Poprawnych
Scooby Doo
100%
13 demonów Scooby Doo
98%
Co nowego u Scooby’ego?
98%
Kudłaty i Scooby Doo na tropie
98%
Scooby Doo, gdzie jesteś?
98%
Scooby i Scrappy Doo
98%
Szczeniak zwany Scooby Doo
98%
Szczenięce lata Toma i Jerry’ego
85%
Atomówki
83%
Johnny Bravo
83%
Tom i Jerry
83%
Ben 10
80%
Krowa i Kurczak
80%
Ed, Edd i Eddy
78%
Chojrak – tchórzliwy pies
76%
Laboratorium Dextera
76%
Baranek Shaun
74%
Wyspa Totalnej Porażki
74%
Młodzi Tytani
70%
Samuraj Jack
67%
Kacper
65%
Maska
63%
Jam Łasica
61%
Struś Pędziwiatr
61%
Miś Yogi
59%
Batman Przyszłości
57%
Zwariowane melodie
57%
Figle z Flintstonami
54%
Flintstonowie
54%
Jetsonowie
54%
Johnny Test
52%
Rodzina Addamsów
52%
Transformerzy: Cybertron
52%
Transformerzy: Wojna o Energon
52%
Dom dla Zmyślonych Przyjaciół pani Foster
46%
Gwiezdne wojny: Wojny klonów
46%
Kryptonim: Klan Na Drzewie
46%
Bliźniaki Cramp
43%
Robotboy
43%
Chowder
41%
Liga Sprawiedliwych
39%
Liga Sprawiedliwych bez granic
39%
Fantastyczna Czwórka
33%
Mroczne Przygody Billy’ego i Mandy
30%
Chop Socky Chooks: Kung Fu Kurczaki
24%
Harcerz Lazlo
24%
He-Man i władcy wszechświata
24%
Xiaolin – pojedynek mistrzów
24%
Bystry Bill
22%
Dink, mały dinozaur
20%
Owca w Wielkim Mieście
20%
X-Men: Ewolucja
20%
Kaczor Dodgers
13%
Kocia Ferajna
13%
Mike, Lu i Og
13%
Mistrzowie kaijudo
13%
Nowe przygody Freda i Barniego
13%
Skunks Fu
13%
Mój partner z sali gimnastycznej jest małpą
11%
Podwójne życie Jagody Lee
11%
Nieustraszeni Bracia Adrenalini
9%
Odlotowe wyścigi
9%
Dwa głupie psy
7%
Głupi i głupszy
7%
Mucha Lucha
7%
Prawdziwe przygody Jonny’ego Questa
7%
Żukosoczek
7%
Bernard
4%
Dastardly i Muttley
4%
Droopy, superdetektyw
4%
Kapitan Grotman i Aniołkolatki
4%
Nowe przygody Kapitana Planety
4%
Ozzy i Drix
4%
Perypetie Penelopy Pitstop
4%
Ufolągi
4%
Zwariowana szkoła Latającego Nosorożca
4%
Animaniacy
2%
Atomowa Betty
2%
Chris Colorado
2%
Cubix
2%
George prosto z drzewa
2%
Heathcliff i Dingbat
2%
Hong Kong Phooey
2%
Kosmiczna Rodzinka
2%
Megas XLR
2%
Musze opowieści
2%
Richie Rich
2%
Strażnicy czasu
2%
Wampirzyca Mona
2%
Wiewiórek
2%
Żywiołki
2%
B-Daman
0%
Hi Hi Puffy AmiYumi
0%
Jaskiniątka
0%
Klasa 3000
0%
Storm Hawks
0%

Rozkład punktacji

Percentyl według liczby udzielonych odpowiedzi

Procent ludzi z każdym wynikiem

Twoja historia wyników

Nie rozwiązałeś tego quizu